000 01014nas a2200277 4500
001 BR8301975
003 BR-BrBNA
005 20231205085525.0
007 ta
008 230509b bl.|||p| |||| 00| 00por d
040 _aBR-BrBNA
_bpor
_cBiblioteca Nacional de Agricultura
041 _a(Pt)
072 _aP00; L00; S10
100 1 _aPadua, L.F.M. de
100 1 _aAlho, C.J.R.
100 1 _aCarvalho, A.G. de
245 1 _aConservacao e manejo da tartaruga-da-Amazonia, Podocnemis expansa, na Reserva Biologica do Rio Trombetas (Testudines, Pelomedusidae)[Brasil]
246 1 _a[Conservation and management of the Amazon turtle, Podocnemis expansa, in the Rio Trombetas Biological Reserve (Testudines Pelomedusidae)[Brazil]]
650 _aTARTARUGA
650 _aCONSERVACAO
650 _aCAPTURA
650 _aVALOR NUTRITIVO
773 0 _tBrasil Florestal (Brazil)
_xISSN 0045-270X
_g(Apr 1983), v. 13(54) p. 43-54
_wBR8301975
909 _a202311
_bLúcia
_c55
_dLúcia Elande
942 _2AGRIS
_n0
_cANA
999 _c111977
_d111977